| 000 | 00626nam a2200181 a 4500 | ||
|---|---|---|---|
| 008 | 120416s1989 ||||||||||||||||| || u | ||
| 020 | _a0465091741 | ||
| 050 | _aJK 468.W54 Gla | ||
| 100 | _aGlazer, Myron Peretz | ||
| 245 | 1 | 4 | _aThe whistle blowers |
| 246 | _aexposing corruption in government and industry | ||
| 260 |
_aNew York _bBasic Books _c1989 |
||
| 300 | _axvi, 286p. | ||
| 350 | _a0.00 | ||
| 650 | _aGOVERNMENT | ||
| 650 | _aGOVERNMENT-- CORRUPTION | ||
| 995 |
_D0.00 _FCBU-MAIN LIBRARY (Kitwe) _H1 _I26.50 _M1 _UAVAILABLE _ZAnnex Low-Usage Collection |
||
| 999 |
_c61696 _d61696 |
||